000 00814nam a2200265Ia 4500
003 OSt
005 20220930081342.0
006 a|||||r|||| 00| 0
007 ta
008 220926b |||||||| |||| 00| 0 eng d
024 _a105088
037 _cTheses
040 _aCRL
_cCRL
_beng
041 _2eng
_aeng
100 _aSharma Anuradha
110 _aUniversity of Delhi. Faculty of Mathematical Sciences. Department of Mathematics
245 0 _aSome aspects of multilevel and integer programming problems
260 _c2009
300 _a188p.
_ap.
_ccm.
650 _aMATHEMATICS
700 _a Dr S. R. Arora Gu.
700 _aUniversity of Delhi. Faculty of Mathematical Sciences. Department of Mathematics
942 _cDIS
_2CC
999 _c871327
_d871327